[Event "Warsaw Maciei Memorial"]
[Site "Warsaw"]
[Date "2023.07.10"]
[Round "3"]
[White "Ponikowski, Przemyslaw"]
[Black "Prus, Marek"]
[Result "0-1"]
[WhiteElo "1910"]
[BlackElo "1664"]
[PlyCount "46"]
[EventDate "2023.07.10"]
[EventType "swiss (blitz)"]
[EventRounds "11"]
[EventCountry "POL"]
[SourceTitle "CBM 215 Extra"]
[Source "ChessBase"]
[SourceDate "2023.09.30"]
[SourceVersion "1"]
[SourceVersionDate "2023.09.30"]
[SourceQuality "1"]

1. g3 g6 2. c4 Bg7 3. Bg2 Nf6 4. d4 0-0 5. Nc3 d6 6. e4 e5 7. d5 c5 8. Nge2 Nbd7 9. 0-0 Ne8 10. f4 f5 11. Be3 Nef6 12. Qc2 Ng4 13. Bd2 Ndf6 14. h3 Nh6 15. fxe5 dxe5 16. Be3 b6 17. a3 fxe4 18. Nxe4 Nxe4 19. Bxe4 Bxh3 20. Rxf8+ Qxf8 21. Qd2 Ng4 22. d6 Bh6 23. Bxh6 Qf2+ 0-1

[Event "Mazowiec-chT op"]
[Site "Poland"]
[Date "2014.11.16"]
[Round "6.9"]
[White "Wegrzyn, Adam"]
[Black "Ponikowski, Przemyslaw"]
[Result "1-0"]
[WhiteElo "2172"]
[BlackElo "1939"]
[PlyCount "87"]
[EventDate "2014.10.05"]
[EventType "team-tourn"]
[EventRounds "10"]
[EventCountry "POL"]
[SourceTitle "EXT 2019"]
[Source "ChessBase"]
[SourceDate "2018.10.10"]
[SourceVersion "1"]
[SourceVersionDate "2018.10.10"]
[SourceQuality "1"]

1. d4 Nf6 2. c4 g6 3. Nc3 Bg7 4. e4 d6 5. Nf3 0-0 6. Be2 c5 7. 0-0 cxd4 8. Nxd4 Nc6 9. Be3 Nxd4 10. Bxd4 b6 11. f3 Ba6 12. Qd2 Rc8 13. b3 Qd7 14. Rfd1 Qe6 15. Rac1 Nd7 16. Bxg7 Kxg7 17. Nd5 Rfe8 18. Qb2+ Qe5 19. Qxe5+ Nxe5 20. f4 Nc6 21. Kf2 Bb7 22. Rd2 Rf8 23. g4 e5 24. f5 f6 25. Bf3 Nd4 26. Ne3 b5 27. Rcd1 Rc5 28. Nc2 bxc4 29. Nxd4 exd4 30. bxc4 Rxc4 31. Rxd4 Rc2+ 32. R1d2 Rxd2+ 33. Rxd2 Rd8 34. Ke3 Kf7 35. Kd4 Rc8 36. Be2 Ke7 37. Bc4 Rc5 38. Rb2 Bc8 39. Rb8 g5 40. Ra8 Rc7 41. a4 h6 42. a5 d5 43. exd5 Kd6 44. Rb8 1-0

[Event "Mazowiec-chT 1314"]
[Site "Poland"]
[Date "2014.02.09"]
[Round "8.1"]
[White "Koziol, Pawel"]
[Black "Ponikowski, Przemyslaw"]
[Result "1-0"]
[WhiteElo "1873"]
[BlackElo "2028"]
[PlyCount "93"]
[EventDate "2014.01.12"]
[EventType "team-tourn"]
[EventRounds "10"]
[EventCountry "POL"]
[SourceTitle "EXT 2019"]
[Source "ChessBase"]
[SourceDate "2018.10.10"]
[SourceVersion "1"]
[SourceVersionDate "2018.10.10"]
[SourceQuality "1"]

1. Nf3 e6 2. g3 d5 3. Bg2 c5 4. 0-0 Nf6 5. d3 Be7 6. Nbd2 0-0 7. Re1 b6 8. e4 Bb7 9. e5 Nfd7 10. Nf1 Nc6 11. h4 Qb8 12. Bf4 Bd8 13. c3 Bc7 14. d4 f6 15. Qe2 cxd4 16. exf6 e5 17. fxg7 Rf7 18. Ng5 Rxg7 19. Bxd5+ Kh8 20. Ne6 exf4 21. Nxg7 Nce5 22. c4 Bxd5 23. cxd5 Kxg7 24. gxf4 Ng6 25. h5 Nxf4 26. Qg4+ Kh8 27. Qxd7 Qg8+ 28. Ng3 Nxd5 29. Qe6 Qg5 30. Qf5 Qg8 31. Re4 Bxg3 32. Rg4 Bxf2+ 33. Kxf2 Qf8 34. Qxf8+ Rxf8+ 35. Kg3 Ne3 36. Rf4 Rd8 37. Kf3 Nc2 38. Rd1 d3 39. Rc4 Rf8+ 40. Ke4 Re8+ 41. Kxd3 Ne1+ 42. Kd2 Nf3+ 43. Kc3 Kg7 44. Rd6 Re7 45. h6+ Kf8 46. Rf6+ Rf7 47. Rxf7+ 1-0

[Event "Mazowiec-chT 1314"]
[Site "Poland"]
[Date "2014.02.02"]
[Round "6.7"]
[White "Kosny, Marek"]
[Black "Ponikowski, Przemyslaw"]
[Result "1-0"]
[WhiteElo "1964"]
[BlackElo "2028"]
[PlyCount "67"]
[EventDate "2014.01.12"]
[EventType "team-tourn"]
[EventRounds "10"]
[EventCountry "POL"]
[SourceTitle "EXT 2019"]
[Source "ChessBase"]
[SourceDate "2018.10.10"]
[SourceVersion "1"]
[SourceVersionDate "2018.10.10"]
[SourceQuality "1"]

1. Nf3 e6 2. c4 d5 3. d4 Nf6 4. Nc3 Be7 5. Bg5 0-0 6. e3 h6 7. Bh4 b6 8. Bd3 Bb7 9. 0-0 dxc4 10. Bxc4 c5 11. Rc1 Nc6 12. dxc5 Qxd1 13. Rfxd1 Bxc5 14. Bxf6 gxf6 15. Ne4 Be7 16. Rd7 Rab8 17. Bb5 Rfd8 18. Rxb7 Rxb7 19. Rxc6 Rd1+ 20. Bf1 Rb1 21. Rc2 f5 22. Nc3 Ra1 23. g3 b5 24. a3 a6 25. Kg2 Bxa3 26. bxa3 Rxa3 27. Nb1 Ra1 28. Rb2 Ra4 29. Bd3 b4 30. Nd4 Ra5 31. Nb3 Ra3 32. Nc5 Rc7 33. Rxb4 a5 34. Rb8+ 1-0

[Event "POL-ch U16"]
[Site "Leba"]
[Date "2004.04.01"]
[Round "7"]
[White "Hiszczynski, Jakub"]
[Black "Ponikowski, Przemyslaw"]
[Result "1-0"]
[WhiteElo "2000"]
[BlackElo "2167"]
[PlyCount "83"]
[EventDate "2004.03.27"]
[EventType "swiss"]
[EventRounds "11"]
[EventCountry "POL"]
[SourceTitle "EXT 2005"]
[Source "ChessBase"]
[SourceDate "2004.11.15"]
[SourceVersion "1"]
[SourceVersionDate "2004.11.15"]
[SourceQuality "1"]

1. e4 c5 2. Nf3 Nc6 3. d4 cxd4 4. Nxd4 e5 5. Nb5 d6 6. N1c3 a6 7. Na3 b5 8. Nd5 Nge7 9. c4 b4 10. Nc2 a5 11. Bg5 h6 12. Qh5 Be6 13. Nce3 Nd4 14. Bd3 Bxd5 15. Nxd5 Qb8 16. Be3 Nxd5 17. exd5 Qa7 18. 0-0 g6 19. Qg4 h5 20. Qd1 Bg7 21. Bc2 0-0 22. Ba4 Rac8 23. Rc1 Rc7 24. f4 f5 25. fxe5 dxe5 26. Kh1 Qc5 27. Bb3 Kh7 28. Bc2 Qd6 29. Bb1 Bh6 30. Re1 Bxe3 31. Rxe3 Kh6 32. Qd2 f4 33. Re4 g5 34. Rce1 f3 35. Rxe5 Qf6 36. Qxd4 Rxc4 37. Re7 Qxe7 38. Rxe7 Rc1+ 39. Qg1 Rxg1+ 40. Kxg1 f2+ 41. Kf1 g4 42. d6 1-0

[Event "POL-ch U16"]
[Site "Leba"]
[Date "2004.03.27"]
[Round "1"]
[White "Matla, Mateusz"]
[Black "Ponikowski, Przemyslaw"]
[Result "1-0"]
[WhiteElo "1934"]
[BlackElo "2167"]
[PlyCount "49"]
[EventDate "2004.03.27"]
[EventType "swiss"]
[EventRounds "11"]
[EventCountry "POL"]
[SourceTitle "EXT 2005"]
[Source "ChessBase"]
[SourceDate "2004.11.15"]
[SourceVersion "1"]
[SourceVersionDate "2004.11.15"]
[SourceQuality "1"]

1. e4 e5 2. Nf3 Nc6 3. Bb5 a6 4. Bxc6 dxc6 5. 0-0 Bd6 6. d4 Bg4 7. dxe5 Bxf3 8. Qxf3 Bxe5 9. Qb3 b5 10. f4 Bd4+ 11. Kh1 Qe7 12. Nd2 Nf6 13. Qg3 0-0-0 14. a4 Kb7 15. e5 Nd5 16. Nb3 Bb6 17. Bd2 Nb4 18. Qf3 Nd5 19. Qe2 Rd7 20. c4 Nb4 21. axb5 Rhd8 22. Bxb4 Qxb4 23. bxc6+ Kb8 24. cxd7 Qxb3 25. c5 1-0